000 00251 a2200121 4500
001 127433
040 _cEscola Canadense de Niteroi
245 1 0 _aMapa do Brasil [Banner]
650 4 _aMapa
650 4 _aGeografia
650 4 _aBrasil
942 _cMATP
999 _c127433
_d127433